000 00462nam a2200169 i 4500
001 41241
003 ES-MaACL
007 t|
008 030310s1974 sp ||||1| spa d
100 1 _aCarandell, Luis,
_d1929-2002
_934959
245 1 0 _aDemocracia, pero orgánica /
_cLuis Carandell.
250 _a1ª ed.
260 _aBarcelona :
_bLaia,
_c1974.
300 _a257 p. ;
_c18 cm.
852 _aES-MaACL
_jE-6930
_bR.91243
999 _c41241
_d41241